<?xml version="1.0" encoding="UTF-8"?>
<collection xmlns="http://www.loc.gov/MARC21/slim">
 <record>
  <leader>01073pamaa2200181   4500</leader>
  <controlfield tag="001">0000023694</controlfield>
  <controlfield tag="005">20110126090000.0</controlfield>
  <datafield tag="020" ind1="0" ind2="0">
   <subfield code="a">[ nil ] </subfield>
  </datafield>
  <datafield tag="090" ind1="0" ind2="0">
   <subfield code="a">TJ145 </subfield>
   <subfield code="b">KAN 1999</subfield>
  </datafield>
  <datafield tag="100" ind1="1" ind2="0">
   <subfield code="a">KANG HO KIAT </subfield>
  </datafield>
  <datafield tag="245" ind1="1" ind2="2">
   <subfield code="a">A Design fire station by Kang Ho Kiat. 2. A Study of compressive test, tensile test, flexural test on concrete &amp; correlation between three test by Chin Song Wee. 3. Analysis of slope stability and methods preventing slope failure by Lee Jun Jin. 4. Design and construction consideration of rigid pavement by Nelson Ngo Shing Chai. 5. Design of a boutique hotel within Inti College Malaysia for visiting lecturers by Wong Tze Shiang. 6. Design of a fabric structure to cover the olympic sized swimming pool at Inti College Malaysia by Liaw Wei Lu. 7. Design of a medium cost terrace house for Inti staff by Wong Hoi Chang.</subfield>
  </datafield>
  <datafield tag="260" ind1="0" ind2="0">
   <subfield code="a">Nilai: </subfield>
   <subfield code="b">INTI College Malaysia, </subfield>
   <subfield code="c">1999.</subfield>
  </datafield>
  <datafield tag="300" ind1=" " ind2=" ">
   <subfield code="a">Volume I.</subfield>
  </datafield>
  <datafield tag="650" ind1="0" ind2="0">
   <subfield code="a">Project paper </subfield>
  </datafield>
  <datafield tag="650" ind1="0" ind2="0">
   <subfield code="a">Civil engineering -- </subfield>
   <subfield code="x">Project paper </subfield>
  </datafield>
  <datafield tag="700" ind1="1" ind2="1">
   <subfield code="a">Lee Jun Jin </subfield>
  </datafield>
  <datafield tag="700" ind1="1" ind2="1">
   <subfield code="a">CHIN SONG WEE </subfield>
  </datafield>
  <datafield tag="700" ind1="1" ind2="1">
   <subfield code="a">Ngo Shing Chai, </subfield>
   <subfield code="h">Nelson </subfield>
  </datafield>
 </record>
</collection>
